Idea. Contribución a la historia de la teoría del arte
Sparad:
| Huvudupphovsman: | |
|---|---|
| Materialtyp: | Okänd |
| Språk: | engelska |
| Publicerad: |
Madrid, España
Catedra
2018
|
| Upplaga: | 4a. edición |
| Serie: | Cuadernos Arte ;
|
| Ämnen: | |
| Taggar: |
Lägg till en tagg
Inga taggar, Lägg till första taggen!
|
MARC
| LEADER | 00000 a2200000 4500 | ||
|---|---|---|---|
| 003 | CL-VaPUC | ||
| 005 | 20210617081806.0 | ||
| 008 | 210422b ||||| |||| 00| 0 eng d | ||
| 999 | |c 432642 |d 432640 | ||
| 020 | |a 9788437632032 | ||
| 040 | |c Pontificia Universidad Católica de Valparaíso | ||
| 082 | |a 701.17 PAN 2018 | ||
| 100 | 1 | |a Panofsky, Erwin |9 859888 | |
| 245 | |a Idea. |b Contribución a la historia de la teoría del arte | ||
| 250 | |a 4a. edición | ||
| 260 | |a Madrid, España |b Catedra |c 2018 | ||
| 300 | |a 278 páginas | ||
| 440 | |a Cuadernos Arte ; |n 51 |9 861088 | ||
| 583 | |k Cristina Rojas |c 20210422 | ||
| 650 | 0 | |9 264950 |a Estética | |
| 650 | 0 | |a Arte |x Historia |x Filosofía |9 861199 | |
| 942 | |2 ddc |c BK | ||
| 952 | |0 0 |1 0 |2 ddc |4 0 |6 701_170000000000000_PAN_2018 |7 0 |8 A |9 577941 |a BIBEDU |b BIBEDU |c ES_NOD |d 2021-05-28 |e 74 |g 25162.00 |i 558342K |l 2 |o 701.17 PAN 2018 |p 558342K |r 2023-08-24 |s 2023-08-17 |t 1 |v 25162.00 |w 2021-05-28 |y BK |k FIL | ||